| 000 | 01121nam a2200325 i 4500 | ||
|---|---|---|---|
| 005 | 20210727153342.0 | ||
| 007 | ta | ||
| 008 | 200419s2007 ck a jr 000 0 spa d | ||
| 020 | _a9789583009280 | ||
| 040 |
_aCO-BoRNBP _bspa _erda _cCO-BoRNBP |
||
| 041 | 0 | _aspa | |
| 043 | _anwcu--- | ||
| 084 | _aP CHE2 | ||
| 100 | 1 |
_aChericián Fernández, David _d1940-2002 _eautor |
|
| 245 | 1 | 3 |
_aEl amor es un niño travieso _cDavid Chericián Fernández ; ilustraciones María Fernanda Mantilla |
| 250 | _aPrimera edición | ||
| 264 | 1 |
_aBogotá, Colombia _bPanamericana _c2007 |
|
| 300 |
_a58 páginas _bilustraciones a color _c21 cm |
||
| 336 |
_atexto _btxt _2rdacontent |
||
| 337 |
_asin mediación _bn _2rdamedia |
||
| 338 |
_avolumen _bnc _2rdacarrier |
||
| 490 | 0 | _aLiteratura juvenil | |
| 521 | _aRecomendado a partir de los 8 años | ||
| 545 | _aIncluye datos biográficos | ||
| 650 | 1 | 7 |
_aPoesía infantil cubana _ySiglo XX _2ARMARC |
| 650 | 1 | 7 |
_aLiteratura infantil cubana _ySiglo XX _2ARMARC |
| 650 | 1 | 7 |
_aAmor _vPoesía _2ARMARC |
| 700 | 1 |
_aMantilla Navarrete, María Fernanda _etraductora |
|
| 942 |
_2loc _cBKLIT |
||
| 999 |
_c6556 _d6556 |
||